Применение математической статистики для решения инженерных задач: учебное пособие

Bibliografiske detaljer
Hovedforfatter: Вавилова Г. В. Галина Васильевна
Institution som forfatter: Национальный исследовательский Томский политехнический университет
Summary:В учебном пособии приведены необходимые сведения из теории вероятностей и математической статистики, применяемые для обработки результатов измерения. Рассмотрены основные положения теории оценивания и проверки статистических гипотез. Изложены основы корреляционного и регрессионного анализа. Подробно разобраны решения типовых задач, предложены задачи для самостоятельного решения. Предназначено для обучающихся по направлению подготовки бакалавров "Приборостроение" и других смежных направлений. Может быть рекомендовано для самостоятельной работы студентов.
Sprog:russisk
Udgivet: Томск, Изд-во ТПУ, 2022
Fag:
Format: MixedMaterials Bog
KOHA link:https://koha.lib.tpu.ru/cgi-bin/koha/opac-detail.pl?biblionumber=347844

MARC

LEADER 00000nam0a2200000 4500
001 347844
005 20231213153949.0
010 |a 9785438710738 
035 |a (RuTPU)RU\TPU\book\379799 
090 |a 347844 
100 |a 20220714d2022 m y0rusy50 ca 
101 0 |a rus 
102 |a RU 
105 |a a j 001zy 
200 1 |a Применение математической статистики для решения инженерных задач  |e учебное пособие  |f Г. В. Вавилова  |g Национальный исследовательский Томский политехнический университет 
210 |a Томск  |c Изд-во ТПУ  |d 2022 
215 |a 197 с.  |c ил. 
320 |a Библиогр.: с. 185 
330 |a В учебном пособии приведены необходимые сведения из теории вероятностей и математической статистики, применяемые для обработки результатов измерения. Рассмотрены основные положения теории оценивания и проверки статистических гипотез. Изложены основы корреляционного и регрессионного анализа. Подробно разобраны решения типовых задач, предложены задачи для самостоятельного решения. Предназначено для обучающихся по направлению подготовки бакалавров "Приборостроение" и других смежных направлений. Может быть рекомендовано для самостоятельной работы студентов. 
452 1 |0 (RuTPU)RU\TPU\book\379493  |y 978-5-4387-1073-8  |t Применение математической статистики для решения инженерных задач  |o учебное пособие  |f Г. В. Вавилова  |g Национальный исследовательский Томский политехнический университет, Инженерная школа неразрушающего контроля и безопасности, Отделение контроля и диагностики  |c Томск  |n Изд-во ТПУ  |d 2022  |a Вавилова, Галина Васильевна 
606 1 |a Математическая статистика  |2 stltpush  |3 (RuTPU)RU\TPU\subj\41210  |9 61018 
610 1 |a корреляционный анализ 
610 1 |a регрессионный анализ 
610 1 |a теория вероятностей 
610 1 |a случайные величины 
610 1 |a статистические гипотезы 
610 1 |a теория оценивания 
610 1 |a дисперсии 
610 1 |a измерительные эксперименты 
610 1 |a измеренные величины 
610 1 |a учебные пособия 
610 1 |a труды учёных ТПУ 
675 |a 519.22(075.8)  |v 4 
700 1 |a Вавилова  |b Г. В.  |c специалист в области неразрушающего контроля  |c заведующий лабораторией, доцент Томского политехнического университета, кандидат технических наук  |f 1981-  |g Галина Васильевна  |3 (RuTPU)RU\TPU\pers\30684  |9 14964 
712 0 2 |a Национальный исследовательский Томский политехнический университет  |c (2009- )  |3 (RuTPU)RU\TPU\col\15902  |9 26305 
801 1 |a RU  |b 63413507  |c 20220714 
801 2 |a RU  |b 63413507  |c 20220930  |g RCR 
942 |c BK